Crítica estilística / (Record no. 99145)

MARC details
000 -LEADER
campo de control de longitud fija 00567nam a2200193 i 4500
001 - NÚMERO DE CONTROL
campo de control 99145
003 - IDENTIFICADOR DE NÚMERO DE CONTROL
campo de control ES-MaACL
005 - FECHA Y HORA DE LA ÚLTIMA TRANSACCIÓN
campo de control 20250418063152.0
007 - CAMPO FIJO DE DESCRIPCIÓN FÍSICA--INFORMACIÓN GENERAL
campo de control de longitud fija t|
008 - DATOS DE LONGITUD FIJA--INFORMACIÓN GENERAL
campo de control de longitud fija 050902s1973 sp ||||1| spa d
100 1# - ENTRADA PRINCIPAL--NOMBRE DE PERSONA
Nombre de persona Martín, José Luis,
Fechas asociadas al nombre 1921-
9 (RLIN) 143292
245 10 - MENCIÓN DEL TÍTULO
Título Crítica estilística /
Mención de responsabilidad, etc. José Luis Martín ; prólogo de Helmut A. Hatzfeld.
260 ## - PUBLICACIÓN, DISTRIBUCIÓN, ETC.
Lugar de publicación, distribución, etc. Madrid :
Nombre del editor, distribuidor, etc. Gredos,
Fecha de publicación, distribución, etc. 1973.
300 ## - DESCRIPCIÓN FÍSICA
Extensión 410 p. ;
Dimensiones 25 cm.
650 #4 - PUNTO DE ACCESO ADICIONAL DE MATERIA--TÉRMINO DE MATERIA
Término de materia o nombre geográfico como elemento de entrada Estilística.
9 (RLIN) 12551
700 1# - ENTRADA AGREGADA--NOMBRE PERSONAL
Nombre de persona Hatzfeld, Helmut.
9 (RLIN) 62079
852 ## - LOCALIZACIÓN
Ubicación ES-MaACL
Número de control de estantería C-50777
Holdings
Estatus retirado Estado de pérdida Estado de daño No para préstamo Biblioteca de origen Biblioteca actual Ubicación en estantería Fecha de adquisición Fuente de adquisición Total de préstamos Signatura topográfica completa Código de barras Visto por última vez Precio de reemplazo Tipo de ítem Koha
        Biblioteca del Ateneo de Madrid Biblioteca del Ateneo de Madrid Depósito 2 17/01/2008     C-50777 1103509 23/02/2023 23/02/2023 Libro impreso